00581nam a2200169Ia 4500008004000000082001300040100002100053245006200074260003500136300001100171440000600182650006600188690001100254906001100265999001700276952011800293210210b1985 xxu||||| |||| 00| 0 eng d a581 MODE aCHAUHAN (R K S). aModern textbook of botany: Taxonomy of angiosperms. Vol.3 abUniversal publicationsc1985 avi,101 a3 aTaxonomy, Angiosperms, embryology, economic botony, anatomy  aBotany a037241 c87243d87243 001040708BiologyaALbALcBiologyd2021-02-17g50.00l0o581 MODEp037241r2021-02-17 00:00:00w2021-02-17yBK